| 000 | 00786cab a2200193 4500 | ||
|---|---|---|---|
| 001 | ##L131584 | ||
| 008 | 051117n2005 000 0 eng u | ||
| 035 | _a(Sirsi) u131584 | ||
| 041 | 0 | _aeng | |
| 100 | 1 | _aBirkby, Gillian | |
| 245 | 0 | 0 | _aWired up |
| 260 | _c2005 | ||
| 490 | 0 |
_aBuilding _v270(8406) 11 November 2005, 64(1) |
|
| 520 | _aOutlines the main provisions of the new RICS guidance note on e-tendering (ISBN 1842192345). Argues that whilst e-tendering can be more efficient than using paper-based methods, the possibility of human error and technological failure, leading to unfairness to some tenderers, still exists, and needs to be guarded against. | ||
| 590 | _aIKA221105 | ||
| 650 | 2 | 4 | _aE-TENDERING: RICS GUIDANCE NOTE |
| 690 |
_aProcurement _96260 |
||
| 942 | _n0 | ||
| 999 |
_c76178 _d76178 |
||